000 00742nam a2200289Ia 4500
005 20260324111741.0
008 008 260324s9999 xx 000 0 eng d
020 _a9781032655376
037 _aEBOOK
040 _aCRL
040 _beng
040 _cCRL
041 _2eng
041 _aeng
084 _qCRL
100 _aEsa Christine Hartmann; Áine McGillicuddy
_91139864
245 0 _aCreative Readings of Multilingual Picturebooks
245 0 _bInternational and Transdisciplinary Perspectives
260 _bTaylor and Francis
260 _c2025
365 _a
365 _b230
856 _uhttp://www.taylorfrancis.com/books/9781032655376
942 _cEBOOK
999 _c1728781
_d1728781